Database table similarity detection / (Record no. 234635)

MARC details
000 -LEADER
fixed length control field 00522nam a22001697a 4500
003 - CONTROL NUMBER IDENTIFIER
control field OSt
005 - DATE AND TIME OF LATEST TRANSACTION
control field 20250716110901.0
008 - FIXED-LENGTH DATA ELEMENTS--GENERAL INFORMATION
fixed length control field 250716b |||||||| |||| 00| 0 eng d
040 ## - CATALOGING SOURCE
Transcribing agency AIMIT LIBRARY
100 ## - MAIN ENTRY--PERSONAL NAME
Personal name S, Saanidhya.
Relator term 222010
9 (RLIN) 218921
245 ## - TITLE STATEMENT
Title Database table similarity detection /
Statement of responsibility, etc. By Saanidhya S.
260 ## - PUBLICATION, DISTRIBUTION, ETC.
Place of publication, distribution, etc. Mangalore ;
Date of publication, distribution, etc. 2024.
700 ## - ADDED ENTRY--PERSONAL NAME
Personal name Kumar B, Rakesh.
Relator term Mentor
9 (RLIN) 218922
700 ## - ADDED ENTRY--PERSONAL NAME
Personal name Lobo, Lanwin.
Relator term Guide
9 (RLIN) 218923
856 ## - ELECTRONIC LOCATION AND ACCESS
Materials specified MResult Technologies, Mangalore.
Uniform Resource Identifier <a href="www.mresult.com">www.mresult.com</a>
942 ## - ADDED ENTRY ELEMENTS (KOHA)
Source of classification or shelving scheme Dewey Decimal Classification
Koha item type Project Report
Holdings
Withdrawn status Lost status Source of classification or shelving scheme Damaged status Not for loan Collection code Home library Current library Date acquired Total Checkouts Barcode Date last seen Copy number Uniform Resource Identifier Price effective from Koha item type
    Dewey Decimal Classification   Not for loan Project Report M.Sc. Big Data Analytics St Aloysius Institute of Management & Information Technology St Aloysius Institute of Management & Information Technology 08/01/2024   PBD00095 07/16/2025 222010 www.mresult.com 07/16/2025 Project Report